000 00419nam a2200157Ia 4500
008 231011s2012 xx 000 0 und d
020 _a9780850000000
041 _aeng
082 _a 004.6/HUR/SIN
100 _aGurdeep S. Hura, Mukesh Singhal
245 _aData and computer communications : networking and internetworking
250 _a1st
260 _aUS
_bCRC PRESS
_c2012
300 _a1140
365 _b1495
999 _c881790
_d881790